[Event "Puhajarve Rapid op 21st"]
[Site "Puhajarve"]
[Date "2021.11.28"]
[Round "36"]
[White "Lauk, Ular"]
[Black "Fridman, Daniel"]
[Result "0-1"]
[WhiteElo "2369"]
[BlackElo "2626"]
[PlyCount "62"]
[EventDate "2021.11.26"]
[EventType "tourn (rapid)"]
[EventRounds "37"]
[EventCountry "EST"]
[SourceTitle "CBM 205 Extra"]
[Source "ChessBase"]
[SourceDate "2022.01.31"]
[SourceVersion "1"]
[SourceVersionDate "2022.01.31"]
[SourceQuality "1"]

1. e4 c6 2. d4 d5 3. Nc3 dxe4 4. Nxe4 Bf5 5. Ng3 Bg6 6. h4 h6 7. h5 Bh7 8. Nf3 e6 9. Bd3 Bxd3 10. Qxd3 Nf6 11. Bd2 c5 12. Qb5+ Qd7 13. Qxd7+ Nbxd7 14. c4 cxd4 15. Nxd4 Ne5 16. b3 0-0-0 17. Be3 Neg4 18. 0-0-0 Nxe3 19. fxe3 Bd6 20. Nge2 Ng4 21. Rdf1 Rd7 22. Rh3 Rhd8 23. Nc2 Be5 24. Ned4 Bf6 25. Rg3 Ne5 26. Kd2 Nc6 27. Ke2 e5 28. Nxc6 Rd2+ 29. Kf3 bxc6 30. Nb4 Kb7 31. Ke4 a5 0-1

[Event "Titled Tuesday intern op 9th June"]
[Site "Chess.com INT"]
[Date "2020.06.09"]
[Round "10"]
[White "Schekachikhin, Maksim"]
[Black "Lauk, Ular"]
[Result "1-0"]
[WhiteElo "2406"]
[BlackElo "2369"]
[PlyCount "75"]
[EventDate "2020.06.09"]
[EventType "swiss (blitz)"]
[EventRounds "10"]
[EventCountry "USA"]
[SourceTitle "CBM 196 Extra"]
[Source "ChessBase"]
[SourceDate "2020.07.31"]
[SourceVersion "1"]
[SourceVersionDate "2020.07.31"]
[SourceQuality "1"]

1. Nf3 d5 2. b3 Nf6 3. Bb2 e6 4. g3 c5 5. Bg2 Nc6 6. 0-0 Be7 7. e3 0-0 8. c4 b6 9. Qe2 Bb7 10. Rd1 d4 11. exd4 cxd4 12. d3 Bc5 13. Nbd2 a5 14. Ne5 Qc7 15. Re1 Nxe5 16. Qxe5 Qxe5 17. Rxe5 Bxg2 18. Kxg2 a4 19. a3 axb3 20. Nxb3 Nd7 21. Re2 e5 22. f4 f6 23. a4 Ra6 24. a5 Rb8 25. fxe5 fxe5 26. Ba3 Bxa3 27. Rxa3 Rba8 28. Rea2 Kf7 29. Kf3 Ke6 30. g4 Kd6 31. g5 Rf8+ 32. Kg3 Rf5 33. h4 Nc5 34. axb6 Rxa3 35. Rxa3 Nxd3 36. c5+ Kd5 37. b7 Rf8 38. Ra8 1-0

[Event "Viljandi Raud Memorial 49th"]
[Site "Viljandi"]
[Date "2015.07.04"]
[Round "8"]
[White "Chukavin, Kirill"]
[Black "Lauk, Ular"]
[Result "1/2-1/2"]
[WhiteElo "2096"]
[BlackElo "2383"]
[PlyCount "94"]
[EventDate "2015.06.29"]
[EventType "swiss"]
[EventRounds "9"]
[EventCountry "EST"]
[SourceTitle "CBM 167 Extra"]
[Source "ChessBase"]
[SourceDate "2015.09.14"]
[SourceVersion "1"]
[SourceVersionDate "2015.09.14"]
[SourceQuality "1"]

1. e4 c5 2. Nf3 Nc6 3. Nc3 d6 4. d4 cxd4 5. Nxd4 Nf6 6. h3 g6 7. g4 Bg7 8. Be3 0-0 9. Bg2 Nxd4 10. Bxd4 Qa5 11. Qd2 Be6 12. 0-0 Rfc8 13. Rad1 Rc4 14. Rfe1 Rxd4 15. Qxd4 Nxg4 16. Qd3 Ne5 17. Qb5 Qc7 18. Nd5 Bxd5 19. Qxd5 Rc8 20. Re2 Qb6 21. c3 Qa6 22. Rc2 Rc5 23. Qd2 b5 24. f4 Nc4 25. Qf2 Rc8 26. Bf1 Qxa2 27. Bxc4 Qxc4 28. Qe2 Qc5+ 29. Kh1 b4 30. c4 b3 31. Rcc1 Bh6 32. Qf3 Qb4 33. Rc3 Rxc4 34. Rxb3 Qc5 35. Rc3 Rxc3 36. bxc3 a5 37. e5 dxe5 38. Rd5 Qa3 39. fxe5 e6 40. Rd8+ Bf8 41. Rd7 Be7 42. Ra7 Qc1+ 43. Kh2 Qd2+ 44. Qg2 Qf4+ 45. Qg3 Qd2+ 46. Qg2 Qf4+ 47. Qg3 Qd2+ 1/2-1/2

[Event "Viljandi Raud Memorial 49th"]
[Site "Viljandi"]
[Date "2015.07.03"]
[Round "7"]
[White "Lauk, Ular"]
[Black "Poom, Mati"]
[Result "1-0"]
[WhiteElo "2383"]
[BlackElo "1803"]
[PlyCount "99"]
[EventDate "2015.06.29"]
[EventType "swiss"]
[EventRounds "9"]
[EventCountry "EST"]
[SourceTitle "CBM 167 Extra"]
[Source "ChessBase"]
[SourceDate "2015.09.14"]
[SourceVersion "1"]
[SourceVersionDate "2015.09.14"]
[SourceQuality "1"]

1. e4 e5 2. Nf3 Nc6 3. Bb5 a6 4. Ba4 Nf6 5. 0-0 Be7 6. Re1 b5 7. Bb3 0-0 8. d4 d6 9. c3 Bg4 10. d5 Na5 11. Bc2 Nc4 12. a4 c5 13. b3 Nb6 14. a5 Nbd7 15. h3 Bh5 16. Nbd2 h6 17. Nf1 Nh7 18. Ng3 Bg6 19. Nh2 Bg5 20. Ng4 Bxc1 21. Qxc1 Qg5 22. Qxg5 Nxg5 23. h4 h5 24. Nxe5 Nh3+ 25. Kh2 Nxe5 26. Kxh3 f6 27. f3 Rad8 28. Ne2 Bf7 29. Kg3 g6 30. Nf4 Kg7 31. Nd3 Nd7 32. c4 b4 33. f4 Rfe8 34. Re3 Re7 35. Rae1 Rde8 36. Kf2 Kh6 37. g3 g5 38. hxg5+ fxg5 39. e5 gxf4 40. gxf4 dxe5 41. Nxe5 Nxe5 42. Rxe5 Rxe5 43. fxe5 Kg5 44. e6 Bg8 45. Rg1+ Kf4 46. Rg7 Bxe6 47. dxe6 Rxe6 48. Rf7+ Ke5 49. Ke3 Kd6+ 50. Be4 1-0

[Event "Viljandi Raud Memorial 49th"]
[Site "Viljandi"]
[Date "2015.06.30"]
[Round "2"]
[White "Lauk, Ular"]
[Black "Aleksandrov, Aleksej"]
[Result "0-1"]
[WhiteElo "2383"]
[BlackElo "2607"]
[PlyCount "124"]
[EventDate "2015.06.29"]
[EventType "swiss"]
[EventRounds "9"]
[EventCountry "EST"]
[SourceTitle "CBM 167 Extra"]
[Source "ChessBase"]
[SourceDate "2015.09.14"]
[SourceVersion "1"]
[SourceVersionDate "2015.09.14"]
[SourceQuality "1"]

1. e4 e5 2. Nf3 Nc6 3. Bb5 Nf6 4. d3 d6 5. c3 g6 6. 0-0 Bg7 7. d4 0-0 8. dxe5 Nxe5 9. Nxe5 dxe5 10. Qxd8 Rxd8 11. f3 Be6 12. Be3 c6 13. Ba4 Nh5 14. Bb3 Nf4 15. Nd2 Bh6 16. Kh1 Rd3 17. Rfe1 Rxe3 18. Rxe3 Nxg2 19. Re2 Nf4 20. Rf2 Nd3 21. Re2 Bh3 22. Nc4 Kf8 23. Rd1 Nc1 24. Ree1 Nxb3 25. axb3 Bf4 26. Ne3 a5 27. Ng4 h5 28. Nf2 Be6 29. b4 a4 30. Nd3 Bb3 31. Nxf4 Bxd1 32. Nxg6+ fxg6 33. Rxd1 Ke7 34. Kg2 a3 35. bxa3 Rxa3 36. Rd3 Ra1 37. b5 g5 38. bxc6 bxc6 39. Kg3 Rg1+ 40. Kf2 Rc1 41. Kg3 Ke6 42. h4 g4 43. f4 Re1 44. f5+ Ke7 45. c4 Rxe4 46. c5 Rd4 47. Ra3 Rc4 48. Ra7+ Kf6 49. Rh7 Rc3+ 50. Kg2 Kxf5 51. Rxh5+ Kf4 52. Rh6 Rc2+ 53. Kf1 Rxc5 54. Rf6+ Kg3 55. h5 Rc1+ 56. Ke2 Rh1 57. h6 c5 58. Rc6 c4 59. Rxc4 Rxh6 60. Rc8 Kh2 61. Rc2 g3 62. Kf3+ Kh3 0-1

[Event "Viljandi Raud Memorial 49th"]
[Site "Viljandi"]
[Date "2015.06.30"]
[Round "3"]
[White "Narva, Regina R"]
[Black "Lauk, Ular"]
[Result "1/2-1/2"]
[WhiteElo "2007"]
[BlackElo "2383"]
[PlyCount "38"]
[EventDate "2015.06.29"]
[EventType "swiss"]
[EventRounds "9"]
[EventCountry "EST"]
[SourceTitle "CBM 167 Extra"]
[Source "ChessBase"]
[SourceDate "2015.09.14"]
[SourceVersion "1"]
[SourceVersionDate "2015.09.14"]
[SourceQuality "1"]

1. e4 c5 2. Nf3 d6 3. Nc3 Nf6 4. d4 cxd4 5. Nxd4 Nc6 6. Nde2 e6 7. g3 Be7 8. Bg2 0-0 9. 0-0 a6 10. h3 Qc7 11. g4 b5 12. a3 Bb7 13. Ng3 Rac8 14. Kh2 h6 15. f4 Nd7 16. g5 hxg5 17. fxg5 Nce5 18. Qh5 g6 19. Qh6 Rfe8 1/2-1/2

[Event "FIN-chT1A 1415"]
[Site "Finland"]
[Date "2014.10.18"]
[Round "2.1"]
[White "Tuominen, Tanja"]
[Black "Lauk, Ular"]
[Result "0-1"]
[WhiteElo "2115"]
[BlackElo "2386"]
[PlyCount "38"]
[EventDate "2014.09.27"]
[EventType "team-tourn"]
[EventRounds "7"]
[EventCountry "FIN"]
[SourceTitle "EXT 2017"]
[Source "ChessBase"]
[SourceDate "2016.10.25"]
[SourceVersion "1"]
[SourceVersionDate "2016.10.25"]
[SourceQuality "1"]
[WhiteTeam "Turku TuTS II"]
[BlackTeam "Loimaa SK"]
[WhiteTeamCountry "FIN"]
[BlackTeamCountry "FIN"]

1. e4 c5 2. Nf3 e6 3. c3 d5 4. exd5 exd5 5. d4 Be7 6. Bd3 Nf6 7. 0-0 0-0 8. dxc5 Bxc5 9. Bg5 Bg4 10. Nbd2 Nbd7 11. Nb3 Bb6 12. h3 Bh5 13. Bb5 h6 14. Bh4 g5 15. Bg3 Ne4 16. Qxd5 Nxg3 17. Rfd1 Nf6 18. Qe5 Qb8 19. Qxf6 Bxf2+ 0-1

[Event "FIN-chT1 West 1314"]
[Site "Finland"]
[Date "2013.11.02"]
[Round "3.1"]
[White "Lauk, Ular"]
[Black "Huebner, Robert"]
[Result "0-1"]
[WhiteElo "2400"]
[BlackElo "2593"]
[PlyCount "64"]
[EventDate "2013.09.21"]
[EventType "team-tourn"]
[EventRounds "9"]
[EventCountry "FIN"]
[SourceTitle "EXT 2022"]
[Source "ChessBase"]
[SourceDate "2021.10.06"]
[SourceVersion "1"]
[SourceVersionDate "2021.10.06"]
[SourceQuality "1"]
[WhiteTeam "Loimaa SK"]
[BlackTeam "Helsinki HSK"]
[WhiteTeamCountry "FIN"]
[BlackTeamCountry "FIN"]

1. e4 e5 2. Nf3 Nc6 3. Bb5 a6 4. Ba4 d6 5. Bxc6+ bxc6 6. d4 exd4 7. Nxd4 Bd7 8. 0-0 Nf6 9. Qf3 c5 10. Nf5 Bxf5 11. Qxf5 g6 12. Qf3 Nd7 13. e5 Nxe5 14. Qe2 Be7 15. Bh6 Rg8 16. f4 Nc6 17. Nc3 Nd4 18. Qe4 c6 19. Rae1 f5 20. Qd3 Kf7 21. b4 d5 22. Na4 Re8 23. Qc3 a5 24. Nxc5 Bf6 25. Qh3 Kg8 26. a3 Nxc2 27. Rxe8+ Qxe8 28. Kh1 axb4 29. axb4 Ra3 30. g3 Qe2 31. Nd7 Bd4 32. Rc1 Ne1 0-1

[Event "FIN-chT1 West 1213"]
[Site "Finland"]
[Date "2012.10.27"]
[Round "2.1"]
[White "Lauk, Ular"]
[Black "Tuominen, Risto"]
[Result "1-0"]
[WhiteElo "2397"]
[BlackElo "2290"]
[PlyCount "79"]
[EventDate "2012.09.29"]
[EventType "team-tourn"]
[EventRounds "7"]
[EventCountry "FIN"]
[SourceTitle "EXT 2019"]
[Source "ChessBase"]
[SourceDate "2018.10.10"]
[SourceVersion "1"]
[SourceVersionDate "2018.10.10"]
[SourceQuality "1"]
[WhiteTeam "Loimaa SK"]
[BlackTeam "Turku TuTS"]
[WhiteTeamCountry "FIN"]
[BlackTeamCountry "FIN"]

1. e4 e6 2. d4 d5 3. Nc3 Nf6 4. e5 Nfd7 5. f4 c5 6. Nf3 Nc6 7. Be3 a6 8. Qd2 b5 9. a3 g5 10. dxc5 gxf4 11. Bxf4 Bxc5 12. b4 Be7 13. Bd3 Qb6 14. Kf1 Bb7 15. Re1 0-0-0 16. Ne2 f6 17. Be3 Qc7 18. Ned4 fxe5 19. Nxe6 Qd6 20. Bf5 Kb8 21. Nxd8 Rxd8 22. Bf2 Qf6 23. Bxd7 Rxd7 24. Nxe5 Nxe5 25. Rxe5 Bd6 26. Re8+ Rd8 27. Qd4 Qg5 28. Rxd8+ Qxd8 29. h4 Qc7 30. Rh3 Qxc2 31. Rc3 Qb1+ 32. Ke2 Qb2+ 33. Kd1 Bc7 34. Qa7+ Kc8 35. Rxc7+ Kxc7 36. Bg3+ Kc6 37. Qc5+ Kd7 38. Qd6+ Ke8 39. Qb8+ Kf7 40. Qxb7+ 1-0

[Event "Vaksali Raua Memorial 46th"]
[Site "Vaksali"]
[Date "2012.07.08"]
[Round "6"]
[White "Kulaots, Kaido"]
[Black "Lauk, Ular"]
[Result "1-0"]
[WhiteElo "2570"]
[BlackElo "2397"]
[PlyCount "67"]
[EventDate "2012.07.07"]
[EventType "swiss (rapid)"]
[EventRounds "7"]
[EventCountry "EST"]
[SourceTitle "CBM 149 Extra"]
[Source "ChessBase"]
[SourceDate "2012.08.24"]
[SourceVersion "1"]
[SourceVersionDate "2012.08.24"]
[SourceQuality "1"]

1. d4 Nf6 2. Nf3 d5 3. c4 e6 4. g3 Be7 5. Bg2 0-0 6. 0-0 b6 7. Nc3 Bb7 8. Ne5 c6 9. e4 Nbd7 10. Nxc6 Bxc6 11. exd5 exd5 12. cxd5 Bb7 13. d6 Bxg2 14. dxe7 Qxe7 15. Kxg2 Qb4 16. Rb1 Rfe8 17. Be3 Ne4 18. Qb3 Qxb3 19. axb3 Ndf6 20. Rfe1 Rad8 21. f3 Nd6 22. g4 h6 23. Ra1 Rd7 24. Bf4 Rxe1 25. Rxe1 Nc8 26. d5 Kf8 27. Rc1 Nd6 28. Be5 Nfe8 29. Kf2 Nb7 30. b4 f6 31. Bf4 Nc7 32. Ra1 Nxd5 33. Rd1 g5 34. Bc1 1-0

[Event "FIN-chT1A 1112"]
[Site "Finland"]
[Date "2012.02.11"]
[Round "6.1"]
[White "Koykka, Pekka"]
[Black "Lauk, Ular"]
[Result "0-1"]
[WhiteElo "2217"]
[BlackElo "2393"]
[PlyCount "54"]
[EventDate "2011.09.17"]
[EventType "team-tourn"]
[EventRounds "7"]
[EventCountry "FIN"]
[SourceTitle "EXT 2019"]
[Source "ChessBase"]
[SourceDate "2018.10.10"]
[SourceVersion "1"]
[SourceVersionDate "2018.10.10"]
[SourceQuality "1"]
[WhiteTeam "Tampere Tammer II"]
[BlackTeam "Loimaa SK"]
[WhiteTeamCountry "FIN"]
[BlackTeamCountry "FIN"]

1. e4 c5 2. Nf3 e6 3. d4 cxd4 4. Nxd4 Nf6 5. Nc3 Nc6 6. Be3 Bb4 7. Bd3 d5 8. exd5 Nxd5 9. Nxc6 bxc6 10. Bd2 0-0 11. 0-0 Nxc3 12. bxc3 Be7 13. Rb1 e5 14. f4 exf4 15. Bxf4 Be6 16. c4 Bf6 17. Kh1 g6 18. Qf3 Bg7 19. Qxc6 Rc8 20. Qa6 Qd4 21. Rb4 Rfd8 22. Bg3 Be5 23. Bf2 Qg4 24. a3 Rxd3 25. cxd3 Qf4 26. Bg1 Qxf1 27. Qxa7 Qxd3 0-1

[Event "Puhajarve rap op 12th"]
[Site "Puhajarve"]
[Date "2011.11.25"]
[Round "12"]
[White "Ehlvest, Jaan"]
[Black "Lauk, Ular"]
[Result "1-0"]
[WhiteElo "2594"]
[BlackElo "2394"]
[PlyCount "67"]
[EventDate "2011.11.25"]
[EventType "tourn (rapid)"]
[EventRounds "29"]
[EventCountry "EST"]
[SourceTitle "CBM 145 Extra"]
[Source "ChessBase"]
[SourceDate "2012.01.03"]
[SourceVersion "1"]
[SourceVersionDate "2012.01.03"]
[SourceQuality "1"]

1. d4 d5 2. c4 c6 3. Nf3 Nf6 4. e3 Bf5 5. Nc3 e6 6. Nh4 Bg6 7. Nxg6 hxg6 8. Qc2 Nbd7 9. Bd2 Qc7 10. h3 Be7 11. 0-0-0 a6 12. Kb1 dxc4 13. Bxc4 b5 14. Be2 c5 15. Bf3 Rc8 16. d5 exd5 17. Nxd5 Nxd5 18. Bxd5 Nf6 19. Bc3 0-0 20. Bxf6 Bxf6 21. Qxg6 Qe5 22. Qc2 c4 23. e4 b4 24. f4 Qxf4 25. Rhf1 Qe5 26. Rf5 Qg3 27. Bxc4 Rfd8 28. Rdf1 Qc7 29. b3 Re8 30. e5 Rxe5 31. Rxf6 gxf6 32. Qg6+ Kf8 33. Qxf6 Rh5 34. Qg6 1-0

[Event "Heart of Finland op 21st"]
[Site "Jyvaskyla"]
[Date "2011.07.15"]
[Round "7"]
[White "Lauk, Ular"]
[Black "Valli, Frans"]
[Result "1/2-1/2"]
[WhiteElo "2403"]
[BlackElo "2242"]
[PlyCount "101"]
[EventDate "2011.07.11"]
[EventType "swiss"]
[EventRounds "9"]
[EventCountry "FIN"]
[SourceTitle "CBM 143 Extra"]
[Source "ChessBase"]
[SourceDate "2011.08.29"]
[SourceVersion "1"]
[SourceVersionDate "2011.08.29"]
[SourceQuality "1"]

1. e4 e5 2. Nf3 Nc6 3. Bb5 a6 4. Ba4 Nf6 5. d3 b5 6. Bb3 Bc5 7. Nc3 h6 8. a4 Rb8 9. axb5 axb5 10. Be3 d6 11. h3 Nd4 12. Bxd4 Bxd4 13. Nxd4 exd4 14. Ne2 c5 15. 0-0 0-0 16. c3 dxc3 17. Nxc3 Re8 18. Ra7 Be6 19. Bxe6 Rxe6 20. Qb3 c4 21. dxc4 bxc4 22. Qxc4 Rxb2 23. Rc7 Rb8 24. Ra1 Re7 25. Raa7 Rxc7 26. Rxc7 Qe8 27. g3 Rd8 28. Nd5 Nxd5 29. Qxd5 Qe6 30. Qxe6 fxe6 31. Kf1 Kh7 32. Re7 Kg6 33. e5 dxe5 34. Rxe6+ Kf5 35. Re7 Kf6 36. Ra7 h5 37. Ra6+ Kf5 38. Ra5 Kf6 39. Ke2 Rd4 40. Ra8 Kf7 41. h4 g6 42. Ra6 Rb4 43. Ke3 Rc4 44. Rb6 Ra4 45. Rc6 Rb4 46. Kd3 Rd4+ 47. Ke2 Ra4 48. Kf3 Rb4 49. Ra6 Rc4 50. Ra1 Kf6 51. Ra8 1/2-1/2

[Event "Heart of Finland op 20th"]
[Site "Jyvaskyla"]
[Date "2010.07.09"]
[Round "7"]
[White "Lauk, Ular"]
[Black "Luukkonen, Tommi"]
[Result "0-1"]
[WhiteElo "2410"]
[BlackElo "2250"]
[PlyCount "70"]
[EventDate "2010.07.05"]
[EventType "swiss"]
[EventRounds "9"]
[EventCountry "FIN"]
[SourceTitle "CBM 137 Extra"]
[Source "ChessBase"]
[SourceDate "2010.09.01"]
[SourceVersion "1"]
[SourceVersionDate "2010.09.01"]
[SourceQuality "1"]

1. e4 c5 2. Nf3 d6 3. d4 cxd4 4. Nxd4 Nf6 5. Nc3 Nc6 6. Be2 g6 7. Be3 Bg7 8. 0-0 0-0 9. Nb3 Be6 10. f4 Rc8 11. Kh1 a6 12. Bf3 Nd7 13. Rb1 Bc4 14. Rf2 b5 15. e5 dxe5 16. Rd2 Be6 17. Nc5 Nxc5 18. Rxd8 Rfxd8 19. Qe1 Nd4 20. Bxd4 exd4 21. Ne4 d3 22. Nxc5 dxc2 23. Nxe6 cxb1Q 24. Qxb1 fxe6 25. h4 Rc4 26. Qe1 Kf7 27. Qe3 Bxb2 28. g3 Rc1+ 29. Kg2 Rc2+ 30. Kh3 Rdd2 31. Be4 Rh2+ 32. Kg4 Rce2 33. Qg1 Kf6 34. Kf3 Rd2 35. h5 Bd4 0-1